Statistiken für Japanische Mythenwesen anhand von Beschreibung erraten

Klicken Sie hier um das Quiz zu spielen!

Allgemein

  • Dieses Quiz wurde 35 mal gespielt
  • Das Durchschnittsergebnis liegt bei 4 aus 16

Antwortstatistiken

BeschreibungAntwort% Korrekt
Ein Teufel ähnliches Wesen mit einer stacheligen Keule.Oni
86%
Eine kreuzung zwischen Schildkröte, Ente und Seerosenblatt.Kappa
66%
Rabenähnliches Wesen das in den Bergen lebt. (Trit auch manchmal als rotes Wesen mit langer Nase in erscheinung)Tengu
62%
Eine weiße Frau. Umso näher sie kommt, desto stärker schneit es.Yuki Onna
41%
Die Prinzessin des Mondes.Kaguya
38%
Fuchs mit 9 Schweife. Kann blaues Feuer erzäugen.Kyuubi
34%
Eine riesige Katze, die auf 2 Beinen geht und 2 Schweife hat.Nekomata
28%
Tapire, die Albträume fressen können.Baku
21%
Waldgeister die in der Nähe von alten Bäumen leben. Sie werden als die Seelen von Bäumen bezeichnt.Kodama
17%
Eine Frau die nur Nachts lauert. In ihrer Nähe regnet es immer.Ame Onna
7%
Eine Frau, die am Hinterkopf einen zweiten Mund hat.Futakuchi Onna
7%
Die Bewohner des MondesMondhase/Gyokuto
7%
Ein Monster der seine Augen auf der Handfläche hatTenome
7%
Die Seelen toter Menschen. Sind meistens in der Nähe von Toten Menschen zu finden. (z.B. Geister und Leichen)Irrlicht/Hitodama
0%
Schirmartiges Wesen mit einem Auge und langer Zunge.Karakasa Obake
0%
Ein Zombie änliches Wesen die anscheinent mit einer Rune besenftigt wird.Miyako no Yoshika
0%

Verteilung der Resultate

Perzentil nach korrekt beantworteten Fragen

Anzahl Personen mit jedem Resultat

Ihre Resultats-Entwicklung

Sie haben dieses Quiz noch nicht gespielt